Statistics for fast typing - multiples of 5 up to 200

Click here to take the quiz!

General Stats

  • This quiz has been taken 247 times
    (215 since last reset)
  • The average score is 19 of 41

Answer Stats

Answer% Correct
20
86%
50
73%
25
68%
30
67%
40
66%
100
65%
60
62%
55
59%
70
59%
80
59%
35
57%
90
57%
45
56%
120
55%
65
52%
75
52%
85
51%
110
50%
95
50%
130
48%
140
48%
150
48%
105
47%
115
46%
125
45%
160
44%
200
42%
180
41%
135
39%
170
39%
145
36%
155
35%
190
35%
165
33%
175
31%
185
31%
195
27%
0
5%
10
5%
15
5%
5
5%

Score Distribution

Percentile by Number Answered

Percent of People with Each Score

Your Score History

You have not taken this quiz since the last reset